| Tag |
First Indicator |
Second Indicator |
Subfields |
| LEADER |
00000cam a2200000 a 4500 |
| 001 |
in00001319621 |
| 005 |
20151005085525.0 |
| 008 |
950731r1995 enk b 001 0 eng |
| 010 |
|
|
|a 95024930
|
| 015 |
|
|
|a GB96-2928
|
| 019 |
|
|
|a 34079290
|
| 020 |
|
|
|a 0714646563 (cloth)
|
| 020 |
|
|
|a 0714641847 (paper)
|
| 035 |
|
|
|a (OCoLC)32968533
|
| 035 |
|
|
|9 AHE0208AM
|
| 040 |
|
|
|a DLC
|c DLC
|d TXA
|d UtOrBLW
|
| 043 |
|
|
|a e------
|
| 049 |
|
|
|a TXAM
|
| 050 |
0 |
0 |
|a JN30
|b .C75 1995
|
| 082 |
0 |
0 |
|a 341.24/2
|2 20
|
| 245 |
0 |
4 |
|a The crisis of representation in Europe /
|c edited by Jack Hayward.
|
| 264 |
|
1 |
|a London ;
|a Portland, Or. :
|b Frank Cass,
|c 1995.
|
| 300 |
|
|
|a 226 pages ;
|c 22 cm.
|
| 336 |
|
|
|a text
|b txt
|2 rdacontent
|
| 337 |
|
|
|a unmediated
|b n
|2 rdamedia
|
| 338 |
|
|
|a volume
|b nc
|2 rdacarrier
|
| 500 |
|
|
|a "First appeared in a special issue of 'The crisis of representation in Europe' of West European politics, volume 18, number 3 (July 1995)"--Title page verso.
|
| 504 |
|
|
|a Includes bibliographical references and index.
|
| 505 |
0 |
|
|a European democracy and its critique / J.H.H. Weiler, Ulrich R. Haltern, and Franz C. Mayer -- Political parties, popular legitimacy and public privilege / Peter Mair -- The Reshaping of national party systems / Rudy Andeweg -- The Failure of the national parliaments? / David Judge -- Referendum outcomes and trust in government: public support for Europe in the wake of Maastricht / Mark N. Franklin, Cees van der Eijk, and Michael Marsh -- Constitutional reform in the European community. Are there alternatives to the majority avenue? / Renaud Dehousse -- Democracy or technocracy? European integration and the problem of popular consent / William Wallace and Julie Smith -- Economic recession and disenchantment with Europe / Andrew Gamble -- Subnational mobilisation in the European Union / Liesbet Hooghe -- Appendix. The 1994 European elections: twelve into one won't go / Julie Smith.
|
| 610 |
|
0 |
|a European Union.
|
| 651 |
|
0 |
|a European Union countries
|x Politics and government.
|
| 610 |
2 |
0 |
|a European Parliament
|x Elections, 1994.
|
| 651 |
|
0 |
|a Europe
|x Politics and government
|y 1989-
|
| 610 |
2 |
4 |
|a European Parliament
|x Elections, 1994.
|
| 651 |
|
4 |
|a European Union countries
|x Politics and government.
|
| 651 |
|
4 |
|a Europe
|x Politics and government
|y 1989-
|
| 700 |
1 |
|
|a Hayward, Jack Ernest Shalom.
|
| 730 |
0 |
|
|a West European politics.
|n Vol. 18, no. 3.
|
| 999 |
|
|
|a MARS
|
| 999 |
f |
f |
|s 0d48a83c-c374-3e93-bc6b-c79353449ac6
|i 702bd73b-4df8-3048-87d5-1cd92470f98a
|t 0
|
| 952 |
f |
f |
|p ric
|a Texas A&M University
|b Rellis Campus
|c Joint Library Facility
|d Remote Storage
|t 0
|e JN30 .C75 1995
|h Library of Congress classification
|i unmediated -- volume
|m A14821060907
|
| 998 |
f |
f |
|a JN30 .C75 1995
|t 0
|l Remote Storage
|